Asset recovery handbook : a guide for practitioners /

Bibliographic Details
Main Author: Brun, Jean-Pierre, (Author)
Format: eBook
Language:English
Published: Washington, DC : World Bank Publications, 2021.
Edition:Second edition.
Series:Stolen asset recovery series.
Subjects:
Online Access:Click to View
LEADER 01711nam a2200409 i 4500
001 EBC6483769
003 MiAaPQ
005 20210316090556.0
006 m o d |
007 cr cnu||||||||
008 210316s2021 dcu o 000 0 eng d
020 |z 9781464816161 
020 |a 9781464816178 (e-book) 
035 |a (MiAaPQ)EBC6483769 
035 |a (Au-PeEL)EBL6483769 
035 |a (OCoLC)1239993026 
040 |a MiAaPQ  |b eng  |e rda  |e pn  |c MiAaPQ  |d MiAaPQ 
050 4 |a K5107  |b .B786 2021 
082 0 |a 345.0773  |2 23 
100 1 |a Brun, Jean-Pierre,  |e author. 
245 1 0 |a Asset recovery handbook :  |b a guide for practitioners /  |c Jean-Pierre Brun [and five others]. 
250 |a Second edition. 
264 1 |a Washington, DC :  |b World Bank Publications,  |c 2021. 
300 |a 1 online resource (459 pages). 
336 |a text  |b txt  |2 rdacontent 
337 |a computer  |b c  |2 rdamedia 
338 |a online resource  |b cr  |2 rdacarrier 
490 1 |a Stolen asset recovery series 
588 |a Description based on print version record. 
590 |a Electronic reproduction. Ann Arbor, MI : ProQuest, 2018. Available via World Wide Web. Access may be limited to ProQuest affiliated libraries. 
650 0 |a Forfeiture  |x Criminal provisions. 
650 0 |a Searches and seizures. 
655 4 |a Electronic books. 
776 0 8 |i Print version:  |a Brun, Jean-Pierre.  |t Asset recovery handbook : a guide for practitioners.  |b Second edition.  |d Washington, DC : World Bank Group, 2021   |h 459 pages   |k Stolen asset recovery series.  |z 9781464816161 
797 2 |a ProQuest (Firm) 
830 0 |a Stolen asset recovery series. 
856 4 0 |u https://ebookcentral.proquest.com/lib/matrademy/detail.action?docID=6483769  |z Click to View